000 01181cab a2200277 4500
001 ABS59032
008 090401t1998 xxu||||| |||| 00| 0 eng d
035 _a(Sirsi) u87784
041 _aeng
100 _aLynch, G.
245 _aLime mortars for brickwork: traditional practice and modern misconceptions - part two
260 _c1998
350 _a0
490 _aJournal of Architectural Conservation
_v4(2) July 1998, 7-19(13)
520 _aSecond of two articles which discussesthe use of traditional lime mortars in the repair, restoration and conservation of historic buildings. Considers the use of pure non-hydraulic slaked lime putties as the principal binder for all mortars and, addresses the mistaken belief that historic lime mortars were prepared in this manner and the general perception that hydraulic limes are similar in behaviour to modern cements. (See ABS58560 for Part One)
650 _aCONSERVATION
650 _aHISTORIC BUILDINGS
650 _aHYDRAULIC LIMES
650 _aLIME MORTARS
650 _aNON-HYDRAULIC LIMES
650 _aREPAIR
650 _aRESTORATION
690 _aCONSERVATION
942 _n0
948 _c31/07/1998
999 _c55391
_d55391